[Event "Manfred-Bosbach-Turnier/44.OStM"]
[Site "Bergisch Gladbach"]
[Date "2024.09.06"]
[Round "3.9"]
[White "Schüers, Christian"]
[Black "Eilers, Jochen"]
[Result "0-1"]
[WhiteElo "1392"]
[BlackElo "1931"]
[PlyCount "38"]
[EventDate "2024.??.??"]
[EventType "swiss"]
[EventRounds "7"]
[SourceVersionDate "2024.08.26"]

1. d4 Nf6 2. Bf4 g6 3. e3 Bg7 4. Nf3 c5 5. c3 O-O 6. Nbd2 cxd4 7. exd4 d6 8.
Bc4 Nc6 9. h3 e5 10. dxe5 dxe5 11. Be3 Na5 12. Be2 Qc7 13. O-O Nd5 14. Bg5 f6
15. Bh4 Be6 16. Bg3 Rfd8 17. Qa4 a6 18. Rfd1 b5 19. Qh4 Qf7 0-1

[Event "Manfred-Bosbach-Turnier/44.OStM"]
[Site "Bergisch Gladbach"]
[Date "2024.09.06"]
[Round "3.10"]
[White "Schneider, Erich"]
[Black "Limburg, Leonhard"]
[Result "1/2-1/2"]
[WhiteElo "1289"]
[BlackElo "1311"]
[PlyCount "82"]
[EventDate "2024.??.??"]
[EventType "swiss"]
[EventRounds "7"]
[SourceVersionDate "2024.08.26"]

1. d4 d5 2. c4 e5 3. dxe5 d4 4. Nf3 Nc6 5. a3 Bg4 6. Nbd2 g6 7. Qb3 Na5 8. Qb5+
c6 9. Qa4 Ne7 10. h3 Bxf3 11. Nxf3 Nf5 12. Qc2 c5 13. e3 dxe3 14. Bxe3 Nxe3 15.
fxe3 Qc7 16. O-O-O Be7 17. h4 h6 18. h5 g5 19. Qe4 Rd8 20. Be2 a6 21. e6 Bf6
22. exf7+ Kxf7 23. Rxd8 Qxd8 24. Rd1 Qe7 25. Qxe7+ Kxe7 26. Kc2 Rd8 27. Rxd8
Kxd8 28. g4 Kd7 29. b4 cxb4 30. axb4 Nc6 31. Kb3 Kc7 32. Nd2 Be7 33. b5 axb5
34. cxb5 Ne5 35. Nc4 Nd7 36. Bf3 b6 37. Bc6 Bc5 38. Bxd7 Kxd7 39. e4 Ke6 40.
Kc3 Ke7 41. Kd3 Ke6 1/2-1/2